000 00616nab a2200193 4500
001 244442
003 OSt
005 20230919134321.0
007 tu
008 200917s2020|||||||
040 _aDE-2950
_cDE-2950
245 0 0 _aMusik und Konzerte im ganzen Haus
_bKonzerthalle. Das Staatsorchester hatte am Sonntag zum Tag der offenen Tür eingeladen - über 1 000 Besucher kamen/
_cred
264 _c2023
653 _aFrankfurt (Oder)
653 _aKonzerthalle
653 _aTag der offenen Tür
773 0 _g34. Jahrgang (2023) Nr. 219 vom 19.09.2023, S. 16, mit Foto
_tMärkische Oderzeitung
942 _2z
_cA
999 _c372741
_d372741